| 000 | 03236cam a2200685 i 4500 | ||
|---|---|---|---|
| 001 | ocn891427870 | ||
| 003 | OCoLC | ||
| 005 | 20230823095425.0 | ||
| 006 | m o d | ||
| 007 | cr ||||||||||| | ||
| 008 | 140925s2015 nju ob 001 0 eng | ||
| 010 | _a 2014038294 | ||
| 040 |
_aDLC _beng _erda _epn _cDLC _dN$T _dDG1 _dE7B _dOCLCF _dRECBK _dYDXCP _dCOO _dEBLCP _dOCLCQ _dDEBBG |
||
| 019 |
_a897481730 _a927509231 |
||
| 020 |
_a9781118932773 _q(ePub) |
||
| 020 |
_a1118932773 _q(ePub) |
||
| 020 |
_a9781118932797 _q(Adobe PDF) |
||
| 020 |
_a111893279X _q(Adobe PDF) |
||
| 020 | _a9781118933800 | ||
| 020 | _a111893380X | ||
| 020 |
_a1118932811 _q(cloth) |
||
| 020 |
_a9781118932810 _q(cloth) |
||
| 020 |
_a9781118932803 _q(pbk.) |
||
| 020 |
_a1118932803 _q(pbk.) |
||
| 020 |
_z9781118932810 _q(cloth) |
||
| 028 | 0 | 1 |
_aEB00588408 _bRecorded Books |
| 029 | 1 |
_aNZ1 _b15912082 |
|
| 029 | 1 |
_aDEBBG _bBV043397170 |
|
| 035 |
_a(OCoLC)891427870 _z(OCoLC)897481730 _z(OCoLC)927509231 |
||
| 042 | _apcc | ||
| 050 | 0 | 0 | _aBL265.P4 |
| 072 | 7 |
_aREL _x001000 _2bisacsh |
|
| 082 | 0 | 0 |
_a211/.3 _223 |
| 049 | _aMAIN | ||
| 100 | 1 | _aKoperski, Jeffrey. | |
| 245 | 1 | 4 |
_aThe physics of theism : _bgod, physics, and the philosophy of science / _cJeffrey Koperski. |
| 264 | 1 |
_aChichester : _bWest Sussex : _bWiley, _c2015. |
|
| 300 | _a1 online resource. | ||
| 336 |
_atext _btxt _2rdacontent |
||
| 337 |
_acomputer _bn _2rdamedia |
||
| 338 |
_aonline resource _bnc _2rdacarrier |
||
| 504 | _aIncludes bibliographical references and index. | ||
| 588 | 0 | _aPrint version record and CIP data provided by publisher. | |
| 520 | _aThe Physics of Theism provides a timely, critical analysis of the ways in which physics intertwines with religion. Koperski brings clarity to a range of arguments including the fine-tuning argument, naturalism, the laws of nature, and the controversy over Intelligent Design.-A single author text providing unprecedented scope and depth of analysis of key issues within the Philosophy of Religion and the Philosophy of Science -Critically analyses the ways in which physics is brought into play in matters of religion -Self-contained chapters allow readers to directly access specific areas of interest -The area is one of considerable interest, and this book is a timely and well-conceived contribution to these debates -Written by an accomplished scholar working in the philosophy of physics in a style that renders complex arguments accessible. | ||
| 650 | 0 |
_aPhysics _xReligious aspects. |
|
| 650 | 0 | _aTheism. | |
| 650 | 0 | _aReligion and science. | |
| 650 | 0 |
_aScience _xPhilosophy. |
|
| 650 | 4 |
_aPhysics _xReligious aspects. |
|
| 650 | 7 |
_aRELIGION _xAgnosticism. _2bisacsh |
|
| 650 | 7 |
_aPhysics _xReligious aspects. _2fast _0(OCoLC)fst01063088 |
|
| 650 | 7 |
_aReligion and science. _2fast _0(OCoLC)fst01093848 |
|
| 650 | 7 |
_aScience _xPhilosophy. _2fast _0(OCoLC)fst01108336 |
|
| 650 | 7 |
_aTheism. _2fast _0(OCoLC)fst01149471 |
|
| 655 | 4 | _aElectronic books. | |
| 776 | 0 | 8 |
_iPrint version: _aKoperski, Jeffrey. _tPhysics of theism. _dHoboken : Wiley, 2015 _z9781118932810 _w(DLC) 2014025620 |
| 856 | 4 | 0 |
_uhttp://dx.doi.org/10.1002/9781118933800 _zWiley Online Library |
| 994 |
_a92 _bDG1 |
||
| 999 |
_c21719 _d21678 |
||
| 526 | _bps | ||